000 00784nam a2200265Ia 4500
003 OSt
005 20221005082430.0
006 a|||||r|||| 00| 0
007 ta
008 221004b |||||||| |||| 00| 0 eng d
020 _a8183291635 (hbk)
_c800
024 _a89628
037 _b139, 26/11/2007, Prachi Book Distributors
_cTextual
040 _aCRL
_cCRL
_beng
041 _2eng
_aeng
082 _aSigma:f, P7
100 _aYadav B. S.
245 0 _aResearch methods in social science
260 _aNew Delhi
_bShree Publishers India
_c2007
300 _a272p.
_ccm.
650 _a RESEARCH METHODS
650 _aSOCIAL SCIENCES
942 _hSigma:f, P7
_cTEXL
_2cc
999 _c989284
_d989284